Normal view
MARC view
Entry Personal Name
001 - CONTROL NUMBER
- control field: 28101
003 - CONTROL NUMBER IDENTIFIER
- control field: OSt
005 - DATE AND TIME OF LATEST TRANSACTION
- control field: 20230718140020.0
008 - FIXED-LENGTH DATA ELEMENTS
- fixed length control field: 230718|| aca||aabn | a|a d
040 ## - CATALOGING SOURCE
- Original cataloging agency: OSt
- Transcribing agency: OSt
100 ## - HEADING--PERSONAL NAME
- Personal name: တိုးမြိုင်၊
- Titles and other words associated with a name: ဦး။
670 ## - SOURCE DATA FOUND
- Source citation: Work cat.: (OSt): ထွန်းအောင်၊ ဦး။ 28095, ကမ္ဘာ့တိုက်ကြီးများ ပဌမတွဲ အာရှဥရောပနှင့် ဩစတြေလေရှ /